000 00660nam a2200169Ia 4500
008 090201s9999 xx 000 0 und d
010 _aKPL-64677
040 _bमराठी
041 _aमराठी
082 _a23939
_b64677
100 _aअरूणा ढेरे
245 _aविश्राम रामजी घोले आणि त्यांचा परिवार
_cअरूणा ढेरे
260 _c2004
_bराजंहस प्रकाशन
300 _a282
_bमोठा
600 _aविश्राम रामजी घोले आणि त्यांचा परिवार
942 _cBOOK
999 _c223354
_d223354